Pista resbaladiza /

Desde hace ya largo tiempo, Roberto Merino viene ampliando continua y admirablemente el terreno de la crónica de opinión, llevándolo al ámbito del ensayo íntimo y especulativo, lejano en apariencia a la actualidad noticiosa. Presionado por la periodística hora de cierre, el autor responde una y otra...

Full description

Bibliographic Details
Main Author: Merino, Roberto 1961-
Format: Libro
Language:Spanish
Published: Santiago, Chile Universidad Diego Portales 2014
Series:Vidas ajenas
Subjects:
Online Access:

MARC

LEADER 00000cam a2200000 a 4500
001 028601
003 UAHC_CL
005 20170803122951.0
008 150421s2014 cl 000 spa
020 |a 9789563142938 
040 |a UAHC_CL  |c UAHC_CL  |d UAHC_CL 
082 0 4 |a Ch868  |b M562  |2 23 
100 1 |a Merino, Roberto  |d 1961- 
245 1 0 |a Pista resbaladiza /  |c Roberto Merino ; selección y edición de Andrés Braithwaite. 
260 |b Universidad Diego Portales  |a Santiago, Chile  |c 2014 
300 |a 273 p. 
490 0 |a Vidas ajenas 
520 |a Desde hace ya largo tiempo, Roberto Merino viene ampliando continua y admirablemente el terreno de la crónica de opinión, llevándolo al ámbito del ensayo íntimo y especulativo, lejano en apariencia a la actualidad noticiosa. Presionado por la periodística hora de cierre, el autor responde una y otra vez con textos donde se mezclan sin jerarquías la displicencia, el fervor, los recuerdos, la ciudad, el bagaje literario, el humor oblicuo y el asombro, configurando una especie de autobiografía involuntaria –o un álbum personal– regida por la mirada de un sujeto “de edad provecta”, como diría Lihn, que transita, mediante su prosa excepcional, desde lo elemental hacia el vasto espacio de lo inesperado. Este libro es una selección de esos prodigiosos textos. 
521 |a NT: Crónica de Autor en Chile 
600 1 4 |a Merino, Roberto  |d 1961- 
650 4 |a PROSA CHILENA 
900 |a Ch868 MERI 
942 |c BK 
952 |0 0  |1 0  |4 0  |6 CH_868_000000000000000_MERI  |7 0  |8 General  |9 56610  |a BC  |b BC  |c General  |d 2017-08-03  |l 0  |o Ch868 MERI  |p 1430039  |r 2025-11-26 00:00:00  |t 1  |w 2017-08-03  |y BK 
999 |c 28601  |d 28601